000 01245nam a2200373 a 4500
001 vtls001438694
003 NLI
005 20210627122020.0
008 121130s1998 ii 000 0 eng
020 _cRs. 34.00 (pbk)
039 9 _y201211301643
_zVLOAD
040 _aNLI
_beng
_cDatasoft_GENG
_eAACR2
041 0 _aeng
044 _aii
082 0 4 _a342.54068
100 1 _aMuthuswamy, P.
_9990536
245 1 0 _aSwamy's compilation of F. R. & S. R /
_cMuthuswamy and Brinda
250 _a14th ed.
260 _aMadras :
_bSwamy publishers,
_c1998
300 _a-v ;
_c22 cm.
500 _aLibrary has pt.3-5
505 0 _aPt.Dearness allowance.-pt.4- Dearness allowance.-pt.5.house rent allowance and compensatory (city) allowance
650 0 _aCivil service
_xLaw and legislation
_zIndia
_9990305
700 0 _aBrinda,
_4aut
_91001737
887 _a
901 _aDB60527
_b01.11.1991
_9pt.3
901 _aDB72531
_b04.03.1998
_9pt.4
901 _aDB60528
_b01.11.1991
_9pt.5
902 _aE 342.54068 M 983
949 _AVIRTUAITEM
_D10000
_X100
_6DBA000060527ENG
_9pt.3
942 _2ddc
_cBKS
949 _AVIRTUAITEM
_D10000
_X100
_6DBA000072531ENG
_9pt.4
949 _AVIRTUAITEM
_D10000
_X100
_6DBA000060528ENG
_9pt.5
999 _aVIRTUA40
_c891749
_d891749